000 00231nam a2200109Ia 4500
008 190216s9999||||xx |||||||||||||| ||und||
100 _aDheer
245 0 _aHindi-Suraj Mukhi
260 _bNidhi Pub
650 _aHindi
942 _cBK
999 _c15549
_d15549